Fundamental accounting principles / (Record no. 172)

MARC details
000 -LEADER
fixed length control field 01628cam a22003614a 4500
005 - DATE AND TIME OF LATEST TRANSACTION
control field 20260322212009.0
008 - FIXED-LENGTH DATA ELEMENTS--GENERAL INFORMATION
fixed length control field data
010 ## - LIBRARY OF CONGRESS CONTROL NUMBER
LC control number 2006041956
020 ## - INTERNATIONAL STANDARD BOOK NUMBER
International Standard Book Number 9780072996531 (combined ed.: alk. paper)
020 ## - INTERNATIONAL STANDARD BOOK NUMBER
International Standard Book Number 0072996536 (combined ed.: alk. paper)
020 ## - INTERNATIONAL STANDARD BOOK NUMBER
International Standard Book Number 97800723266312 (v. 1, chapters 1-12)
020 ## - INTERNATIONAL STANDARD BOOK NUMBER
International Standard Book Number 0073266310 (v. 1, chapters 1-12)
020 ## - INTERNATIONAL STANDARD BOOK NUMBER
International Standard Book Number 978-0073266312 (v. 1, chapters 1-12)
040 ## - CATALOGING SOURCE
Original cataloging agency DLC
Transcribing agency DLC
042 ## - AUTHENTICATION CODE
Authentication code pcc
050 00 - LIBRARY OF CONGRESS CALL NUMBER
Classification number HF5635
Item number .P975 2007
082 00 - DEWEY DECIMAL CLASSIFICATION NUMBER
Classification number 657
Edition information 22
092 ## - LOCALLY ASSIGNED DEWEY CALL NUMBER (OCLC)
Classification number 657 Wil 2007
001 - CONTROL NUMBER
control field data
100 1# - MAIN ENTRY--PERSONAL NAME
Personal name Wild, John J.
245 10 - TITLE STATEMENT
Title Fundamental accounting principles /
Statement of responsibility, etc. John J. Wild, Kermit D. Larson & Barbara Chiappetta.
250 ## - EDITION STATEMENT
Edition statement 18th ed.
260 ## - PUBLICATION, DISTRIBUTION, ETC.
Place of publication, distribution, etc. Boston, Mass. :
Name of publisher, distributor, etc. McGraw-Hill,
Date of publication, distribution, etc. 2007.
300 ## - PHYSICAL DESCRIPTION
Extent 1 v. (unpagings) :
Other physical details ill. (some col.) ;
Dimensions 29 cm.
500 ## - GENERAL NOTE
General note Kermit D. Larson's name appears first on the 17th edition.
500 ## - GENERAL NOTE
General note Includes index.
650 #0 - SUBJECT ADDED ENTRY--TOPICAL TERM
Topical term or geographic name entry element Accounting.
700 1# - ADDED ENTRY--PERSONAL NAME
Personal name Larson, Kermit D.
700 1# - ADDED ENTRY--PERSONAL NAME
Personal name Chiappetta, Barbara.
906 ## - LOCAL DATA ELEMENT F, LDF (RLIN)
a 7
b cbc
c orignew
d 1
e ocip
f 20
g y-gencatlg
925 0# -
-- acquire
-- 1 shelf copies
-- policy default
955 ## - COPY-LEVEL INFORMATION (RLIN)
-- sd96 2006-01-19 to Dewey
-- sf30 2006-09-19
-- sf30 2006-09-19 to BCCD
Holdings
Withdrawn status Lost status Damaged status Not for loan Home library Current library Shelving location Date acquired Total checkouts Full call number Barcode Date last seen Price effective from Koha item type
        Franklin Franklin General stacks 22/03/2026   657 22 BC0010177 22/03/2026 22/03/2026 Books